000
00274nam a22001337a 4500
003
SGT
082
_a
370
_b
C16C
100
_a
CHADHA, ANUPRIYA
245
_a
CHILD PSYCHOLOGY
260
_a
NEW DELHI
_b
APH PUB
_c
2016
300
_a
176
650
_a
EDUCATION
942
_2
ddc
_c
BK
999
_c
12706
_d
12706